Lakásépítés, áruellátás ülést tartott a megyei tanács vb

Elmentve itt :
Bibliográfiai részletek
Dokumentumtípus: Cikk
Megjelent: 1979-08-22
Sorozat:Délmagyarország 69 No. 195
Kulcsszavak:Csongrád megye, Közigazgatás tanács megyei Csongrád megye, Politikai élet tanácsülés megyei 1979 Csongrád megye
Online Access:http://dmarchiv.bibl.u-szeged.hu/85507
LEADER 00547nab a2200145 i 4500
001 delm85507
005 20190523090016.0
008 190523s1979 hu o 0|| hun d
040 |a SZTE Délmagyarország Archívum  |b hun 
041 |a hun 
245 0 0 |a Lakásépítés, áruellátás   |h [elektronikus dokumentum] :  |b ülést tartott a megyei tanács vb 
260 |c 1979-08-22 
300 |a 3 
490 0 |a Délmagyarország  |v 69 No. 195 
695 |a Csongrád megye, Közigazgatás tanács megyei Csongrád megye, Politikai élet tanácsülés megyei 1979 Csongrád megye